Marshall McLuhan y la realidad virtual
Saved in:
| Hovedforfatter: | |
|---|---|
| Format: | Bog |
| Sprog: | spansk |
| Udgivet: |
Barcelona
Gedisa S. A
2004
|
| Udgivelse: | 1a. ed |
| Serier: | Encuentros Contemporáneos
|
| Fag: | |
| Tags: |
Tilføj Tag
Ingen Tags, Vær først til at tagge denne postø!
|
MARC
| LEADER | 00000cam a2200000 a 4500 | ||
|---|---|---|---|
| 001 | UCC5935 | ||
| 003 | CL-VaPUC | ||
| 008 | 181109e20040000sp |||||||||||||||||spa|d | ||
| 020 | |a 8497840372 | ||
| 082 | 0 | 4 | |a 303.49 |b HOR |2 21 |
| 100 | |a Horrocks, Christopher |e author |9 600373 | ||
| 245 | 1 | 0 | |a Marshall McLuhan y la realidad virtual |
| 250 | |a 1a. ed | ||
| 300 | |a 97 p | ||
| 942 | |c BK | ||
| 945 | |d 20181109 15:19:00 |a dcastane | ||
| 260 | |a Barcelona |b Gedisa S. A |c 2004 | ||
| 650 | 0 | |a Medios de comunicación de masas |9 257273 | |
| 650 | 7 | |a SOCIEDAD FUTURA |2 CL-VaPUC |9 334565 | |
| 650 | 0 | |a Futurismo |9 265679 | |
| 650 | 0 | |a Comunicación |9 257251 | |
| 583 | |a last modification |c 20181109 15:19:00 |k Rodrigo Vera | ||
| 490 | 0 | |a Encuentros Contemporáneos | |
| 999 | |c 373038 |d 373036 | ||
| 952 | |0 0 |1 0 |3 erb |4 0 |6 303_490000000000000_HOR_2004 |7 0 |8 A |9 490952 |a BIBCUR |b BIBCUR |i 5511852 |o 303.49 HOR 2004 |p 5511852 |r 2025-04-22 |w 2019-11-24 |y BK |z Catalogado en:20181109 |k PER | ||